Západ na vratkých nohách ak sa budú riešiť problémy len nalievaním peňazí, kde to celé skončí?
Dlhové problémy eurozóny a lídri Európskej únie. Medzinárodný menový fond a zodpovednosť zaobchádzania s peniazmi daňových poplatníkov. Západná demokracia a rozvíjajúce sa ekonomiky. Ozdravenie štátnych rozpočtov.
Saved in:
| Main Author: | |
|---|---|
| Format: | Book Chapter |
| Language: | Slovak |
| Subjects: | |
| Tags: |
No Tags, Be the first to tag this record!
|
MARC
| LEADER | 00000naa a2200000 4500 | ||
|---|---|---|---|
| 001 | 0143372 | ||
| 005 | 20220725111728.0 | ||
| 041 | 0 | |a slo | |
| 044 | |a SK | ||
| 245 | 1 | 0 | |a Západ na vratkých nohách |b ak sa budú riešiť problémy len nalievaním peňazí, kde to celé skončí? |c Anders Aslund |
| 520 | |a Dlhové problémy eurozóny a lídri Európskej únie. Medzinárodný menový fond a zodpovednosť zaobchádzania s peniazmi daňových poplatníkov. Západná demokracia a rozvíjajúce sa ekonomiky. Ozdravenie štátnych rozpočtov. | ||
| 610 | 2 | 0 | |a Európa |
| 610 | 2 | 0 | |a eurozóna |
| 610 | 2 | 0 | |a Európska únia |
| 610 | 2 | 0 | |a politika menová |
| 610 | 2 | 0 | |a politika fiškálna |
| 610 | 2 | 0 | |a vzťah politiky a ekonomiky |
| 610 | 2 | 0 | |a procesy rozhodovacie |
| 610 | 2 | 0 | |a Medzinárodný menový fond |
| 610 | 2 | 0 | |a oživenie |
| 100 | 1 | |a Ǻslund, Anders | |